000 00770cam a2200277 4500500
005 20260329002124.0
041 _afre
042 _adc
100 1 0 _aLegros, Martin
_eauthor
245 0 0 _aMon réveillon en famille avec Platon
260 _c2010.
500 _a26
690 _aCouple
690 _aEleni Varíkas
690 _aEnfance
690 _aFamille
690 _aJean-François Mattéi
690 _aParentalité
690 _aParents
690 _aRelations
690 _aRoland Jaccard
690 _aSéparation
690 _aSexualité
786 0 _nPhilosophie magazine | 45 | 12 | 2010-12-01 | p. 9-10 | 1951-1787
856 4 1 _uhttps://shs.cairn.info/magazine-philosophie-magazine-2010-12-page-9?lang=fr&redirect-ssocas=7080
999 _c1811913
_d1811913